[Event "29. Torneo Collado Villalba 2012 - B"]
[Site "Collado Villalba ESP"]
[Date "2012.08.26"]
[Round "3.23"]
[White "Garcia Andrinal, Antonio"]
[Black "Lianes Garcia, Marcos"]
[Result "1-0"]
[WhiteElo "1774"]
[BlackElo "1627"]
[PlyCount "55"]
[EventDate "2012.08.24"]
[EventType "swiss"]
[EventRounds "9"]
[EventCountry "ESP"]
[Source "lmi"]
[SourceDate "2012.08.24"]

1. e4 e6 2. d4 d5 3. e5 c5 4. c3 Nc6 5. Nf3 Qb6 6. Bd3 Bd7 7. dxc5 Bxc5 8. O-O
f6 9. Qe2 O-O-O 10. b4 Be7 11. a4 Qc7 12. exf6 gxf6 13. Na3 Ne5 14. Nxe5 Qxe5
15. Qd2 Bd6 16. f4 Qh5 17. Qf2 Kb8 18. Nb5 Bxb5 19. axb5 b6 20. Be3 Bc7 21. Ra6
d4 22. cxd4 Nh6 23. Be2 Ng4 24. Bxg4 Qxg4 25. Rfa1 Kc8 26. Rxa7 Kd7 27. Qc2 Rc8
28. Rc1 1-0

[Event "29. Torneo Collado Villalba 2012 - B"]
[Site "Collado Villalba ESP"]
[Date "2012.08.26"]
[Round "3.25"]
[White "Corral Sanchez, Jesus"]
[Black "Gonzalez Del Valls, Javier"]
[Result "0-1"]
[WhiteElo "1660"]
[BlackElo "1754"]
[PlyCount "68"]
[EventDate "2012.08.24"]
[EventType "swiss"]
[EventRounds "9"]
[EventCountry "ESP"]
[Source "lmi"]
[SourceDate "2012.08.24"]

1. e4 c5 2. Nf3 d6 3. d4 cxd4 4. Nxd4 Nf6 5. Nc3 a6 6. Be3 e6 7. f3 b5 8. Qd2
Nbd7 9. g4 h6 10. O-O-O Bb7 11. g5 hxg5 12. Bxg5 Rc8 13. Bd3 Ne5 14. Kb1 Be7
15. Rhg1 b4 16. Nce2 d5 17. Bxf6 gxf6 18. f4 dxe4 19. fxe5 exd3 20. Qxd3 fxe5
21. Nb3 Qxd3 22. Rxd3 Rxh2 23. Rg8+ Bf8 24. Re3 Rh1+ 25. Nbc1 Rc5 26. b3 Ke7
27. Reg3 Be4 28. Rg1 Rxg1 29. Rxg1 Rxc2 30. Ka1 Bf3 31. Ng3 Rg2 32. Rxg2 Bxg2
33. Nd3 a5 34. Nxe5 Bg7 0-1

[Event "29. Torneo Collado Villalba 2012 - B"]
[Site "Collado Villalba ESP"]
[Date "2012.08.26"]
[Round "3.28"]
[White "Martinez Pastor, Francisco"]
[Black "Rodriguez Gomez, Jose"]
[Result "0-1"]
[WhiteElo "1602"]
[BlackElo "1716"]
[PlyCount "110"]
[EventDate "2012.08.24"]
[EventType "swiss"]
[EventRounds "9"]
[EventCountry "ESP"]
[Source "lmi"]
[SourceDate "2012.08.24"]

1. b4 d5 2. Bb2 Nf6 3. Nf3 e6 4. c3 Bd6 5. g3 c6 6. d3 e5 7. Nbd2 O-O 8. Bg2
Bf5 9. O-O Nbd7 10. Qc2 a6 11. a4 Rc8 12. Nb3 Re8 13. Nfd2 e4 14. dxe4 dxe4 15.
e3 c5 16. b5 a5 17. Nc4 Bc7 18. Rfd1 b6 19. Nd6 Bxd6 20. Rxd6 Qe7 21. Rad1 Rb8
22. c4 Ne5 23. Bxe5 Qxe5 24. Nc1 Bg4 25. R1d2 Bf3 26. Qb2 Qh5 27. h3 h6 28. Na2
Nh7 29. R2d5 f5 30. Rd7 Nf6 31. Nc3 Nxd7 32. Rxd7 Red8 33. Rd5 Qg6 34. Qd2 Qf6
35. Rxd8+ Rxd8 36. Nd5 Qd6 37. Bxf3 exf3 38. Qd1 Qe5 39. Qxf3 Rd6 40. Qd1 Kf7
41. Kg2 g5 42. Qc2 Rxd5 43. cxd5 Qxd5+ 44. f3 c4 45. Kf2 Ke6 46. Ke2 h5 47. Qd2
g4 48. Qxd5+ Kxd5 49. hxg4 hxg4 50. fxg4 fxg4 51. Kd2 Ke4 52. Kc3 Kxe3 53. Kxc4
Ke4 54. Kc3 Kf3 55. Kd4 Kxg3 0-1

[Event "29. Torneo Collado Villalba 2012 - B"]
[Site "Collado Villalba ESP"]
[Date "2012.08.26"]
[Round "3.29"]
[White "Garcia Varea, Benjamin"]
[Black "Sadaba Rodriguez, Igor"]
[Result "0-1"]
[WhiteElo "1811"]
[BlackElo "1702"]
[PlyCount "114"]
[EventDate "2012.08.24"]
[EventType "swiss"]
[EventRounds "9"]
[EventCountry "ESP"]
[Source "lmi"]
[SourceDate "2012.08.24"]

1. e4 c6 2. f4 d5 3. exd5 cxd5 4. d4 Nf6 5. Bd3 Nc6 6. c3 Bg4 7. Nf3 Qc7 8. O-O
e6 9. h3 Bh5 10. Qc2 Bd6 11. Ne5 Rc8 12. Qa4 Bg6 13. Bb5 O-O 14. Bxc6 bxc6 15.
b4 a5 16. Nd2 axb4 17. cxb4 Ra8 18. Qxc6 Rfb8 19. b5 Qxc6 20. bxc6 Bxe5 21.
fxe5 Ne8 22. Nf3 Rc8 23. Bg5 h6 24. Be7 Rxc6 25. a3 Rca6 26. Rfc1 Ra4 27. Bb4
Kh7 28. Nd2 R8a7 29. Nb3 Rc7 30. Kf2 Rc4 31. Na5 Rxd4 32. Nc6 Rc4 33. Rxc4 dxc4
34. Na5 Bd3 35. Rc1 Nc7 36. Nxc4 Bxc4 37. Rxc4 Nb5 38. Rc8 Nxa3 39. Bd6 Nb5 40.
Bb8 Ra8 41. Rf8 Nd4 42. Ke3 Nc6 43. Bd6 Rxf8 44. Bxf8 Nxe5 45. Ke4 Nd7 46. Bd6
g5 47. g4 Kg6 48. Kd4 f5 49. Bc7 f4 50. Ke4 h5 51. Bd6 hxg4 52. hxg4 Nf6+ 53.
Kf3 Nd7 54. Ke4 Kf6 55. Kf3 e5 56. Ke4 Ke6 57. Bc7 Nf6+ 0-1

[Event "29. Torneo Collado Villalba 2012 - B"]
[Site "Collado Villalba ESP"]
[Date "2012.08.26"]
[Round "3.30"]
[White "Gallego Romero, Manuel"]
[Black "Alvarez Romero, Carlos"]
[Result "0-1"]
[WhiteElo "1679"]
[BlackElo "1701"]
[PlyCount "77"]
[EventDate "2012.08.24"]
[EventType "swiss"]
[EventRounds "9"]
[EventCountry "ESP"]
[Source "lmi"]
[SourceDate "2012.08.24"]

1. e4 c6 2. Nf3 d5 3. exd5 cxd5 4. d4 Bg4 5. h3 Bh5 6. c3 e6 7. Bd3 Nc6 8. Nbd2
Bd6 9. g4 Bg6 10. Bxg6 hxg6 11. Nb3 Qc7 12. Qc2 Nf6 13. Be3 Nxg4 14. O-O-O Nxe3
15. fxe3 Be7 16. Rdg1 O-O-O 17. e4 Qf4+ 18. Nbd2 dxe4 19. Qxe4 Qxe4 20. Nxe4
Kb8 21. Rf1 b6 22. Re1 Rd5 23. Ng3 Bd6 24. Ne4 Bf4+ 25. Kc2 Rdh5 26. h4 f6 27.
Ned2 Nd8 28. Rhg1 g5 29. hxg5 fxg5 30. Ne4 Nf7 31. Rg4 Nh6 32. Rg2 g4 33. Nfd2
Nf5 34. Kd3 Rh3+ 35. Ke2 Rh2 36. Rxh2 Rxh2+ 37. Kd1 g3 38. Rg1 g2 39. Nf3 0-1

[Event "29. Torneo Collado Villalba 2012 - B"]
[Site "Collado Villalba ESP"]
[Date "2012.08.26"]
[Round "3.31"]
[White "Melcon Mediavilla, Rodrigo"]
[Black "Camarero Izquierdo, Juan Carlos"]
[Result "0-1"]
[WhiteElo "1453"]
[BlackElo "1881"]
[PlyCount "72"]
[EventDate "2012.08.24"]
[EventType "swiss"]
[EventRounds "9"]
[EventCountry "ESP"]
[Source "lmi"]
[SourceDate "2012.08.24"]

1. e4 c5 2. Nf3 d6 3. d4 cxd4 4. Nxd4 Nf6 5. Nc3 a6 6. h3 b5 7. a3 Bb7 8. Bd3
Nbd7 9. O-O g6 10. Bg5 Bg7 11. Re1 O-O 12. Nf3 Qc7 13. Qd2 Rfd8 14. Rad1 Nc5
15. e5 Bxf3 16. exf6 Bxd1 17. fxg7 f6 18. Be3 Bh5 19. g4 Qd7 20. gxh5 Qxh3 21.
f3 Qxh5 22. Qg2 Kxg7 23. Bxc5 Qxc5+ 24. Kf1 e5 25. Ke2 d5 26. Bf5 b4 27. Rh1
Rg8 28. Qh3 gxf5 29. Qh6+ Kf7 30. Qxh7+ Ke6 31. Rh5 Qc4+ 32. Kd1 Rg1+ 33. Kd2
bxc3+ 34. bxc3 Qf4+ 35. Ke2 Rg2+ 36. Ke1 Qe3+ 0-1

[Event "29. Torneo Collado Villalba 2012 - B"]
[Site "Collado Villalba ESP"]
[Date "2012.08.26"]
[Round "3.32"]
[White "Fernandez Cabello, Emilio"]
[Black "Garcia Diaz, Alejandro"]
[Result "0-1"]
[WhiteElo "1623"]
[BlackElo "1767"]
[PlyCount "100"]
[EventDate "2012.08.24"]
[EventType "swiss"]
[EventRounds "9"]
[EventCountry "ESP"]
[Source "lmi"]
[SourceDate "2012.08.24"]

1. e4 c6 2. d4 d5 3. e5 Bf5 4. Nf3 e6 5. Be2 Nd7 6. O-O c5 7. Be3 Qb6 8. b3 Qc7
9. Nc3 a6 10. Na4 cxd4 11. Nxd4 Qxe5 12. Nxf5 Qxf5 13. Nb6 Nxb6 14. Bxb6 Nf6
15. Qd4 Qe4 16. Qd2 Bd6 17. Bf3 Qh4 18. g3 Qh3 19. Bg2 Qf5 20. c4 O-O 21. cxd5
exd5 22. Rad1 Rac8 23. Qa5 Rfe8 24. f4 h5 25. Bxd5 Nxd5 26. Rxd5 Qe6 27. Rxh5
Rc2 28. Bf2 Qg4 29. Rh4 Qf3 30. Qf5 Qe4 31. Qxe4 Rxe4 32. Rh5 Rxa2 33. Rd5 Bf8
34. Rfd1 Ree2 35. Rf1 Kh7 36. Kg2 Rab2 37. Rd3 Bc5 38. Rf3 b6 39. g4 Rec2 40.
Kg3 Bxf2+ 41. R1xf2 Rxf2 42. Rxf2 Rxb3+ 43. Kh4 a5 44. f5 f6 45. g5 fxg5+ 46.
Kxg5 a4 47. h4 a3 48. Ra2 b5 49. h5 b4 50. h6 Rb2 0-1

[Event "29. Torneo Collado Villalba 2012 - B"]
[Site "Collado Villalba ESP"]
[Date "2012.08.26"]
[Round "3.33"]
[White "Torres Alvarez, Augusto"]
[Black "Garcia Hernandez, Javier"]
[Result "0-1"]
[WhiteElo "1561"]
[BlackElo "1721"]
[PlyCount "50"]
[EventDate "2012.08.24"]
[EventType "swiss"]
[EventRounds "9"]
[EventCountry "ESP"]
[Source "lmi"]
[SourceDate "2012.08.24"]

1. d4 d5 2. c4 dxc4 3. Nf3 c5 4. e3 cxd4 5. exd4 e6 6. Nc3 Nf6 7. Bg5 Be7 8.
Bxc4 O-O 9. O-O b6 10. d5 Qc7 11. Qb3 exd5 12. Nxd5 Nxd5 13. Bxe7 Nxe7 14. Ng5
Qf4 15. Bxf7+ Rxf7 16. Nxf7 Qxf7 17. Qb4 Nbc6 18. Qd6 Qg6 19. Qa3 Bb7 20. Rad1
Rd8 21. Qf3 Rf8 22. Qb3+ Qf7 23. Qa3 Nb8 24. Rd3 Ng6 25. Rfd1 Qxf2+ 0-1

[Event "29. Torneo Collado Villalba 2012 - B"]
[Site "Collado Villalba ESP"]
[Date "2012.08.26"]
[Round "3.36"]
[White "Martin Garcia, Francisco Javier"]
[Black "Buergo Villanueva, Fernando"]
[Result "1-0"]
[WhiteElo "1603"]
[BlackElo "1292"]
[PlyCount "113"]
[EventDate "2012.08.24"]
[EventType "swiss"]
[EventRounds "9"]
[EventCountry "ESP"]
[Source "lmi"]
[SourceDate "2012.08.24"]

1. d4 Nf6 2. Nf3 d5 3. Bf4 Nc6 4. e3 a6 5. c4 Bg4 6. Be2 Bxf3 7. Bxf3 h6 8. Qb3
b6 9. cxd5 Na5 10. Qa4+ Nd7 11. d6 Rc8 12. dxc7 Rxc7 13. Bxc7 Qxc7 14. O-O b5
15. Qd1 e6 16. Nc3 Bd6 17. g3 O-O 18. Rc1 Qd8 19. Qd3 f5 20. e4 g6 21. exf5
exf5 22. Qe3 Kg7 23. Rfe1 Nf6 24. Qd3 Nc4 25. b3 Nb6 26. Re2 f4 27. Bg2 Bc5 28.
Nxb5 fxg3 29. Rxc5 axb5 30. Qxg3 Qxd4 31. Rce5 Nbd7 32. Re7+ Rf7 33. Rxf7+ Kxf7
34. Qe3 Qxe3 35. Rxe3 Ng4 36. Rc3 Nde5 37. Rc5 Nd3 38. Rxb5 Ngxf2 39. a4 Nd1
40. b4 Nc3 41. Rb7+ Kf6 42. a5 Ke6 43. Rb6+ Kd7 44. b5 Nf4 45. Rb7+ Kd6 46. a6
Ne6 47. b6 Nb5 48. a7 Nxa7 49. bxa7 Nd8 50. a8=Q Nxb7 51. Qxb7 Ke6 52. Qc6+ Kf5
53. Be4+ Kf4 54. Qxg6 Ke3 55. Qxh6+ Kxe4 56. Qg6+ Kd4 57. h4 1-0

[Event "29. Torneo Collado Villalba 2012 - B"]
[Site "Collado Villalba ESP"]
[Date "2012.08.27"]
[Round "4.1"]
[White "Minguela Muñoz, Bienvenido"]
[Black "Tirado Parra, Alberto"]
[Result "0-1"]
[WhiteElo "1880"]
[BlackElo "1929"]
[PlyCount "62"]
[EventDate "2012.08.24"]
[EventType "swiss"]
[EventRounds "9"]
[EventCountry "ESP"]
[Source "lmi"]
[SourceDate "2012.08.24"]

1. d4 f5 2. c4 Nf6 3. Nc3 e6 4. Bg5 h6 5. Bxf6 Qxf6 6. e3 b6 7. Nf3 Bb7 8. Ne5
g6 9. Be2 Rg8 10. a3 d6 11. Qa4+ c6 12. Nd3 Kf7 13. Bf3 e5 14. dxe5 dxe5 15.
Be2 Kg7 16. h4 Kh8 17. g4 b5 18. Qb3 Qe6 19. Rg1 Nd7 20. a4 bxc4 21. Qa2 Be7
22. g5 h5 23. a5 Ba6 24. O-O-O Rab8 25. Ne1 Nc5 26. Nc2 Rb3 27. f4 Nd3+ 28.
Bxd3 cxd3 29. Rd2 dxc2 30. fxe5 Rgb8 31. Rxc2 Bd3 0-1

[Event "29. Torneo Collado Villalba 2012 - B"]
[Site "Collado Villalba ESP"]
[Date "2012.08.27"]
[Round "4.2"]
[White "Rodriguez Del Pino, Daniel"]
[Black "Tevar Sanz, Gonzalo"]
[Result "1-0"]
[WhiteElo "1895"]
[BlackElo "1849"]
[PlyCount "76"]
[EventDate "2012.08.24"]
[EventType "swiss"]
[EventRounds "9"]
[EventCountry "ESP"]
[Source "lmi"]
[SourceDate "2012.08.24"]

1. e4 e6 2. d4 d5 3. exd5 exd5 4. Bd3 Bd6 5. Nf3 Ne7 6. c3 Nbc6 7. Qc2 Bg4 8.
Nbd2 Qd7 9. O-O O-O-O 10. b4 Bf5 11. b5 Na5 12. Nb3 Bxd3 13. Qxd3 Nc4 14. a4
Qf5 15. Qd1 f6 16. a5 g5 17. b6 axb6 18. axb6 Nxb6 19. Ba3 g4 20. Nh4 Qh5 21.
Bxd6 Rxd6 22. g3 Ng6 23. Ng2 f5 24. Nc5 f4 25. Qb3 Ne7 26. Ra8+ Nxa8 27. Qxb7+
Kd8 28. Qxa8+ Nc8 29. Nb7+ Kd7 30. Nxf4 Qe8 31. Nxd6 Nxd6 32. Qxd5 c6 33. Qa2
Nb5 34. c4 Nc7 35. Nd3 Qa8 36. Ne5+ Ke7 37. Qe2 Kf6 38. Nxg4+ Kg7 1-0

[Event "29. Torneo Collado Villalba 2012 - B"]
[Site "Collado Villalba ESP"]
[Date "2012.08.27"]
[Round "4.3"]
[White "Garcia Serrano, Jose Manuel"]
[Black "Perez Vazquez, Manuel"]
[Result "0-1"]
[WhiteElo "1912"]
[BlackElo "1757"]
[PlyCount "72"]
[EventDate "2012.08.24"]
[EventType "swiss"]
[EventRounds "9"]
[EventCountry "ESP"]
[Source "lmi"]
[SourceDate "2012.08.24"]

1. e4 Nf6 2. e5 Nd5 3. d4 d6 4. Nf3 g6 5. Bc4 Nb6 6. Bb3 Bg7 7. e6 fxe6 8. Ng5
d5 9. Qf3 Bf6 10. O-O O-O 11. Qh3 Bxg5 12. Bxg5 Qd6 13. Nc3 N8d7 14. Qh4 Nf6
15. Bf4 Qd7 16. Na4 Nxa4 17. c4 dxc4 18. Bc2 Nb6 19. Be5 Nbd5 20. Qh6 Qe8 21.
g4 Qf7 22. f3 Nd7 23. Bg3 Nf4 24. Rae1 Nd3 25. Re4 Nf6 26. Re3 Nxg4 27. Qg5
Nxe3 28. Qxe3 Nf4 29. h4 a5 30. Kh2 a4 31. Rg1 Ra5 32. Be1 Rf5 33. Bxf5 Qxf5
34. Rg5 Qd3 35. Qf2 Qe2 36. Qxe2 Nxe2 0-1

[Event "29. Torneo Collado Villalba 2012 - B"]
[Site "Collado Villalba ESP"]
[Date "2012.08.27"]
[Round "4.4"]
[White "Escalante Ortega, Fernando"]
[Black "Plazuelo Pascual, Juan"]
[Result "1/2-1/2"]
[WhiteElo "1867"]
[BlackElo "1721"]
[PlyCount "37"]
[EventDate "2012.08.24"]
[EventType "swiss"]
[EventRounds "9"]
[EventCountry "ESP"]
[Source "lmi"]
[SourceDate "2012.08.24"]

1. e4 e6 2. Nf3 d5 3. Nc3 Nf6 4. e5 Nfd7 5. d4 c5 6. dxc5 Nc6 7. Bf4 Bxc5 8.
Bd3 f6 9. exf6 Nxf6 10. O-O O-O 11. Bg5 a6 12. Qd2 e5 13. Bxf6 Rxf6 14. Nxd5
Rd6 15. Rad1 Be6 16. c4 b5 17. b3 bxc4 18. bxc4 h6 19. Be4 1/2-1/2

[Event "29. Torneo Collado Villalba 2012 - B"]
[Site "Collado Villalba ESP"]
[Date "2012.08.27"]
[Round "4.5"]
[White "Galan Aguado, Fernando"]
[Black "Garcia Burguillo, Javier"]
[Result "1/2-1/2"]
[WhiteElo "1820"]
[BlackElo "1850"]
[PlyCount "124"]
[EventDate "2012.08.24"]
[EventType "swiss"]
[EventRounds "9"]
[EventCountry "ESP"]
[Source "lmi"]
[SourceDate "2012.08.24"]

1. d4 Nf6 2. Nf3 g6 3. Bf4 Bg7 4. e3 d6 5. h3 O-O 6. Be2 b6 7. O-O Bb7 8. Nbd2
Nbd7 9. c3 c5 10. Re1 Rc8 11. a4 a6 12. Qb3 h6 13. Bd3 e5 14. dxe5 dxe5 15.
Bxe5 Nxe5 16. Nxe5 Ne8 17. Nxg6 Qxd3 18. Nxf8 Kxf8 19. Qxb6 Bxg2 20. Kxg2 Qxd2
21. Qxa6 Qd5+ 22. e4 Qg5+ 23. Kf1 Rb8 24. Rab1 Be5 25. Qd3 Rd8 26. Qf3 Bf4 27.
Red1 Rb8 28. Rd5 Qh4 29. Rf5 Bd6 30. Rxf7+ Kg8 31. Qf5 Ng7 32. Qg6 Qxh3+ 33.
Ke2 Be5 34. b3 c4 35. Rf3 Qc8 36. b4 Ra8 37. a5 Ra6 38. Qf7+ Kh8 39. Rg1 Qc6
40. Qd5 Qe8 41. Qxc4 Re6 42. Rg4 h5 43. Rh4 Bf6 44. Rhf4 Kh7 45. Qd5 Re5 46.
Qc4 Bg5 47. a6 Bxf4 48. Rxf4 Qa4 49. Ke3 Qa1 50. Qd4 Qe1+ 51. Kd3 Qb1+ 52. Ke2
Qa2+ 53. Ke3 Re7 54. Rf6 Qb1 55. f3 Qe1+ 56. Kd3 Ne6 57. Rxe6 Qd1+ 58. Ke3 Qe1+
59. Kf4 Rf7+ 60. Rf6 Qh4+ 61. Kf5 Qh3+ 62. Kf4 Qh4+ 1/2-1/2

[Event "29. Torneo Collado Villalba 2012 - B"]
[Site "Collado Villalba ESP"]
[Date "2012.08.27"]
[Round "4.6"]
[White "Cabrera Jimenez, Julio"]
[Black "Martinez Belen, Alejandro"]
[Result "0-1"]
[WhiteElo "1843"]
[BlackElo "1779"]
[PlyCount "98"]
[EventDate "2012.08.24"]
[EventType "swiss"]
[EventRounds "9"]
[EventCountry "ESP"]
[Source "lmi"]
[SourceDate "2012.08.24"]

1. e4 d5 2. exd5 Qxd5 3. Nc3 Qa5 4. d4 Nf6 5. Nf3 c6 6. Bd3 Bg4 7. h3 Bh5 8. g4
Bg6 9. Qe2 Bxd3 10. Qxd3 e6 11. Bd2 Qc7 12. O-O-O Nbd7 13. Nh2 Bd6 14. Nf3
O-O-O 15. Kb1 Nb6 16. Qe2 Nbd5 17. Nxd5 Nxd5 18. Ne5 f6 19. Nc4 Rhe8 20. Nxd6+
Qxd6 21. Qe4 Nb6 22. c3 h6 23. Bf4 Qd5 24. Qe2 h5 25. b3 Qa5 26. Kb2 h4 27. Bd2
Qd5 28. f4 g5 29. fxg5 fxg5 30. Rde1 e5 31. Qe4 exd4 32. Qxd5 dxc3+ 33. Bxc3
Nxd5 34. Bd4 Rxe1 35. Rxe1 Nf4 36. Kc3 Nxh3 37. Re5 Rd7 38. Bxa7 Kc7 39. Be3
Rh7 40. Kd3 Nf4+ 41. Bxf4 gxf4 42. Re1 Kd6 43. Rh1 Ke5 44. Re1+ Kf6 45. Rg1 Kg5
46. Ke4 h3 47. Kf3 h2 48. Rh1 Rh3+ 49. Kf2 Kxg4 0-1

[Event "29. Torneo Collado Villalba 2012 - B"]
[Site "Collado Villalba ESP"]
[Date "2012.08.27"]
[Round "4.7"]
[White "Juberias Guillen, Paloma"]
[Black "Leniz Martinez, Francisco"]
[Result "1/2-1/2"]
[WhiteElo "1788"]
[BlackElo "1834"]
[PlyCount "74"]
[EventDate "2012.08.24"]
[EventType "swiss"]
[EventRounds "9"]
[EventCountry "ESP"]
[Source "lmi"]
[SourceDate "2012.08.24"]

1. d4 c5 2. d5 e5 3. c4 d6 4. e4 Be7 5. Nc3 Bg5 6. Bxg5 Qxg5 7. Nb5 Qd8 8. Qa4
Kf8 9. Qc2 a6 10. Nc3 Nh6 11. g3 g6 12. h4 Kg7 13. O-O-O Rf8 14. f4 Bg4 15. Re1
Nd7 16. Be2 Nf6 17. Nf3 Nh5 18. Nh2 Bxe2 19. Nxe2 exf4 20. gxf4 b5 21. Nf3 bxc4
22. Qxc4 f6 23. Qc3 Nf7 24. Ng5 Nxg5 25. hxg5 Kg8 26. gxf6 Rxf6 27. e5 dxe5 28.
fxe5 Rf5 29. e6 Qg5+ 30. Kb1 Re5 31. Qc4 Kg7 32. Nc3 Nf6 33. Ref1 Ra7 34. Rhg1
Qh5 35. Qa4 Qh3 36. Qf4 Qd3+ 37. Kc1 Qe3+ 1/2-1/2

[Event "29. Torneo Collado Villalba 2012 - B"]
[Site "Collado Villalba ESP"]
[Date "2012.08.27"]
[Round "4.8"]
[White "Al-Zarif Zabala, Bassam"]
[Black "Perez Alvarez, Javier"]
[Result "1/2-1/2"]
[WhiteElo "1778"]
[BlackElo "1834"]
[PlyCount "31"]
[EventDate "2012.08.24"]
[EventType "swiss"]
[EventRounds "9"]
[EventCountry "ESP"]
[Source "lmi"]
[SourceDate "2012.08.24"]

1. e4 e6 2. Qe2 d5 3. exd5 Qxd5 4. Nc3 Qd8 5. Nf3 Nf6 6. d3 Be7 7. g3 O-O 8.
Bg2 c6 9. O-O Nbd7 10. Rd1 Re8 11. Ne4 Qc7 12. Bf4 e5 13. Bd2 Nxe4 14. dxe4 Nf6
15. h3 Bf8 16. c4 1/2-1/2

[Event "29. Torneo Collado Villalba 2012 - B"]
[Site "Collado Villalba ESP"]
[Date "2012.08.27"]
[Round "4.9"]
[White "Neila Ausin, Eva"]
[Black "Monmeneu Chulia, Vicente Juan"]
[Result "0-1"]
[WhiteElo "1738"]
[BlackElo "1998"]
[PlyCount "51"]
[EventDate "2012.08.24"]
[EventType "swiss"]
[EventRounds "9"]
[EventCountry "ESP"]
[Source "lmi"]
[SourceDate "2012.08.24"]

1. d4 Nf6 2. c4 g6 3. Nf3 Bg7 4. Nc3 O-O 5. Qc2 d6 6. e4 Nc6 7. d5 Nb4 8. Qb3
a5 9. Be2 e6 10. O-O exd5 11. exd5 Re8 12. Be3 Ng4 13. Bd4 Bxd4 14. Nxd4 Nxh2
15. Rfe1 Bd7 16. a3 Na6 17. Rad1 Nc5 18. Qc2 Ng4 19. b4 axb4 20. axb4 Na6 21.
Qb2 Qh4 22. Nf3 Qxf2+ 23. Kh1 Ne3 24. Rg1 Re5 25. Rd2 Rh5+ 26. Nh2 0-1

[Event "29. Torneo Collado Villalba 2012 - B"]
[Site "Collado Villalba ESP"]
[Date "2012.08.27"]
[Round "4.10"]
[White "Roldan Garcia, Angel"]
[Black "Largo Barbero, Benito"]
[Result "0-1"]
[WhiteElo "1734"]
[BlackElo "1902"]
[PlyCount "60"]
[EventDate "2012.08.24"]
[EventType "swiss"]
[EventRounds "9"]
[EventCountry "ESP"]
[Source "lmi"]
[SourceDate "2012.08.24"]

1. e4 e6 2. d4 d5 3. Nd2 h6 4. Ngf3 c5 5. c3 Nc6 6. exd5 Qxd5 7. Bc4 Qh5 8. Nb3
cxd4 9. Nbxd4 Bd7 10. O-O a6 11. Bf4 Rd8 12. Qb3 Na5 13. Qb6 Nxc4 14. Qxb7 Qd5
15. Qb3 Nf6 16. Rfe1 Be7 17. Rad1 Qc5 18. Qc2 a5 19. b3 Na3 20. Qc1 Nd5 21. c4
Nxf4 22. Qxf4 O-O 23. Re5 Qc7 24. Qc1 Bc6 25. Nxc6 Rxd1+ 26. Qxd1 Qxc6 27. Rxa5
Rd8 28. Qc1 Bb4 29. Re5 Qd6 30. h4 Qd1+ 0-1

[Event "29. Torneo Collado Villalba 2012 - B"]
[Site "Collado Villalba ESP"]
[Date "2012.08.27"]
[Round "4.11"]
[White "Alvarez Escudero, Manuel"]
[Black "Rincon Martin, Santiago"]
[Result "1-0"]
[WhiteElo "1826"]
[BlackElo "1724"]
[PlyCount "77"]
[EventDate "2012.08.24"]
[EventType "swiss"]
[EventRounds "9"]
[EventCountry "ESP"]
[Source "lmi"]
[SourceDate "2012.08.24"]

1. e4 c6 2. d4 d5 3. Bd3 dxe4 4. Bxe4 Nf6 5. Bf3 Bf5 6. Ne2 e6 7. Ng3 Bg6 8.
O-O Bd6 9. c3 Nbd7 10. Nd2 Nb6 11. Nde4 Nxe4 12. Nxe4 Bxe4 13. Bxe4 Bxh2+ 14.
Kxh2 Qh4+ 15. Kg1 Qxe4 16. Re1 Qg6 17. Re3 O-O-O 18. Rg3 Qe4 19. Rxg7 Rhg8 20.
Rxg8 Rxg8 21. f3 Qf5 22. Kf2 Nd5 23. Qe2 Nf6 24. Be3 Ne4+ 25. Kg1 Nf6 26. Re1
Nh5 27. Bc1 Ng3 28. Qe3 Qh5 29. Qh6 Qf5 30. Bf4 Qg6 31. Qxg6 Rxg6 32. Bxg3 Rxg3
33. Kf2 Rg7 34. f4 Kd7 35. Kf3 Ke7 36. g4 Kd6 37. c4 f6 38. b4 Rf7 39. a4 1-0

[Event "29. Torneo Collado Villalba 2012 - B"]
[Site "Collado Villalba ESP"]
[Date "2012.08.27"]
[Round "4.12"]
[White "Rodriguez Gomez, Jose"]
[Black "Martinez Montalvo, Eduardo"]
[Result "0-1"]
[WhiteElo "1716"]
[BlackElo "1825"]
[PlyCount "56"]
[EventDate "2012.08.24"]
[EventType "swiss"]
[EventRounds "9"]
[EventCountry "ESP"]
[Source "lmi"]
[SourceDate "2012.08.24"]

1. e4 e5 2. Nf3 f5 3. Nc3 fxe4 4. Nxe4 d5 5. Ng3 e4 6. Nd4 Nf6 7. d3 exd3 8.
Bxd3 Bc5 9. Be3 Ng4 10. Qd2 O-O 11. O-O-O Nxe3 12. fxe3 Nc6 13. Nxc6 bxc6 14.
Ne2 Bd6 15. h3 Rb8 16. g4 Qf6 17. c3 c5 18. Bc2 d4 19. exd4 cxd4 20. Qxd4 Be5
21. Qc4+ Be6 22. Qa4 Rb6 23. Bb3 Rfb8 24. Bxe6+ Qxe6 25. b3 Ra6 26. Qc4 Qxc4
27. bxc4 Rxa2 28. Nd4 Bf4+ 0-1

[Event "29. Torneo Collado Villalba 2012 - B"]
[Site "Collado Villalba ESP"]
[Date "2012.08.27"]
[Round "4.13"]
[White "Sanz Varea, Jose M"]
[Black "Ruiz Escobar, Israel"]
[Result "0-1"]
[WhiteElo "1710"]
[BlackElo "1791"]
[PlyCount "27"]
[EventDate "2012.08.24"]
[EventType "swiss"]
[EventRounds "9"]
[EventCountry "ESP"]
[Source "lmi"]
[SourceDate "2012.08.24"]

1. f4 d5 2. Nf3 Nf6 3. e3 e6 4. b3 c5 5. Bb2 Nbd7 6. Bd3 Be7 7. O-O Qc7 8. c4
dxc4 9. Bxc4 a6 10. Bd3 b5 11. Qc2 Bb7 12. Na3 Rc8 13. Rac1 Qa5 14. Qc3 0-1

[Event "29. Torneo Collado Villalba 2012 - B"]
[Site "Collado Villalba ESP"]
[Date "2012.08.27"]
[Round "4.14"]
[White "Fernandez-Gallardo Romero, Alvar"]
[Black "Sadaba Rodriguez, Igor"]
[Result "1-0"]
[WhiteElo "1775"]
[BlackElo "1702"]
[PlyCount "85"]
[EventDate "2012.08.24"]
[EventType "swiss"]
[EventRounds "9"]
[EventCountry "ESP"]
[Source "lmi"]
[SourceDate "2012.08.24"]

1. e4 c6 2. d4 d5 3. Nc3 dxe4 4. Nxe4 Bf5 5. Ng3 Bg6 6. h4 h6 7. h5 Bh7 8. Nf3
Nd7 9. Bd3 Bxd3 10. Qxd3 e6 11. Bf4 Qa5+ 12. Bd2 Bb4 13. c3 Be7 14. Bf4 Ngf6
15. Be5 Nxe5 16. Nxe5 c5 17. O-O Rd8 18. Rfe1 O-O 19. Qf3 Qc7 20. dxc5 Bxc5 21.
Re2 Rd5 22. Nd3 b6 23. Nxc5 Qxc5 24. b4 Qc4 25. Rae1 Rc8 26. Re3 Qxa2 27. Ne4
Nxe4 28. Rxe4 Rf5 29. Qg3 Rxh5 30. Rg4 Rg5 31. Rxg5 hxg5 32. Qxg5 Qc4 33. Re3
f6 34. Qg6 e5 35. Rh3 Qc7 36. Rh7 Rd8 37. Qh5 Rd1+ 38. Kh2 e4+ 39. g3 Kf8 40.
Qxd1 Qxc3 41. Qd8+ Kf7 42. Qd7+ Kg6 43. Rxg7+ 1-0